Noblesse : Truyện tranh Tập 17 Tường cản
Thức tỉnh sau 820 năm chìm trong giấc ngủ, ma cà rồng Cadis Etrama Di Raizel (hay Rai) chẳng biết gì về thế giới bên ngoài. Do đó, anh ta đã hòa mình vào cùng những học sinh khác và có cho mình những người bạn. Tuy nhiên, một tổ chức chuyên nghiên...
Gardado en:
| Autor Principal: | |
|---|---|
| Outros autores: | , |
| Formato: | Libro |
| Idioma: | Vietnamese |
| Publicado: |
H.
Kim Đồng
2014
|
| Những chủ đề: | |
| Các nhãn: |
Engadir etiqueta
Sen Etiquetas, Sexa o primeiro en etiquetar este rexistro!
|
| Thư viện lưu trữ: | Thư viện Trường Đại học Nam Cần Thơ |
|---|
| LEADER | 01468nam a22002177a 4500 | ||
|---|---|---|---|
| 001 | NCT_4_002939 | ||
| 008 | 240115b xxu||||| |||| 00| 0 vie d | ||
| 999 | |c 8015 |d 8015 | ||
| 020 | |c 45000 | ||
| 082 | 0 | 4 | |2 23rd ed. |a 895.73 |b J43/T.17 |
| 100 | 1 | |a Son, Je-ho | |
| 245 | 1 | 0 | |a Noblesse : |b Truyện tranh |n Tập 17 |p Tường cản |c Son Je Ho; Lee Kwang Su (Minh họa); Thu Thủy (Dịch) |
| 260 | |a H. |b Kim Đồng |c 2014 | ||
| 300 | |a 195 tr. |b Tranh vẽ |c 18cm | ||
| 520 | 3 | |a Thức tỉnh sau 820 năm chìm trong giấc ngủ, ma cà rồng Cadis Etrama Di Raizel (hay Rai) chẳng biết gì về thế giới bên ngoài. Do đó, anh ta đã hòa mình vào cùng những học sinh khác và có cho mình những người bạn. Tuy nhiên, một tổ chức chuyên nghiên cứu và thí nghiệm trên cơ thể người luôn mong muốn có Rai làm mẫu vật. Vì vậy mà Rai và các bạn đều bị đặt trong những tình huống vô cùng nguy hiểm... | |
| 653 | |a Tham khảo | ||
| 700 | 1 | |a Lee, Kwang Su |e Minh họa | |
| 700 | 0 | |a Thu Thủy |e Dịch | |
| 942 | |2 ddc |c BK | ||
| 952 | |0 0 |1 0 |2 ddc |4 0 |6 895_730000000000000_J43_T_17 |7 0 |9 28397 |a 000001 |b 000001 |d 2024-01-19 |o 895.73 J43/T.17 |p TK.03847 |r 2024-01-19 |v 45000.00 |w 2024-01-19 |y BK |z Đã quyên tặng tủ sách Lâm Đồng | ||
| 980 | |a Thư viện Trường Đại học Nam Cần Thơ | ||